Największe przeboje Perfectu - Statystyki

Ogólne statystyki
  • Ten quiz został rozwiązany 195 razy
  • Średni wynik to 9 z 12
Statystyki odpowiedzi
Zagadnienie Odpowiedź % Poprawnych
Jaki przebój usłyszał bohater piosenki, po której nie mógł w nocy spać w przeboju "Autobiografia"? Blue Suede Shoes
94%
Dlaczego "Niewiele Ci mogę dać"? Bo sam niewiele mam
94%
Jakim zwrotem kończy się każdy refren w piosence "Ale w koło jest wesoło"? Ale Jazz
91%
Przez jakie starożytne miasto płyniemy w piosence "Niepokonani"? Babilon
91%
"A gdy przyjdzie mój czas, gdy pokryje mnie ...". Co pokryje bohatera piosenki "Wszystko ma swój czas"? Rdza
91%
Co zawiera codzienna, poranna rutyna w piosence "Chcemy być sobą"? Bułkę maślaną popijam kawą
85%
"Gdy nie bawi Cię już ..." Dokończ pierwszy wers "Kołysanki dla Nieznajomej". Świat zabawek mechanicznych
73%
Co robią prorocy z gniewnych lat w piosence "Nie Płacz Ewka"? Obrastają w tłuszcz
64%
Co będzie przyczyną końca świata w piosence "Raz po raz"? Deszcz komet
61%
Dokąd NIE MA iść precz bohaterka piosenki "Idź precz"? Do babuni
58%
Ostatnie pytanie o tytuł piosenki. Jak nazywa się przebój zaczynający się od słów "Tak chciałbym mieć frajerski czek"? Bażancie życie
45%
Ktoś na naszej ziemi stawia ...? No właśnie, co? - Piosenka "Co za hałas, co za szum". Szałas
42%
Nie znaleziono quizów pasujących do podanych kryteriów
Rozkład punktacji
Procent ludzi z każdym wynikiem
Percentyl według liczby udzielonych odpowiedzi
Twoja historia wyników
Nie rozwiązałeś tego quizu